مشروع توثيق وترميم بيت السحيمي = Bayt el Suhaymi documentation, restoration and conservation project / Mashrūʻ tawthīq wa-tarmīm Bayt al-Suḥaymī

محفوظ في:

المؤلف الرئيسي: Arab Fund for Economic and Social Developmen.

التنسيق: كتاب

اللغة: Undetermined

منشور في: Al-Qāhirah al-Ṣandūq al-ʻArabī lil-Inmāʼ al-Iqtiṣādī wa- al-Ijtimāʻī : Majlis al-Aʻlá lil-Āthā 1997

الموضوعات:

الوسوم: إضافة وسم

لا توجد وسوم, كن أول من يضع وسما على هذه التسجيلة!

رقم الطلب: F91 SUHA

LEADER 01038nam a2200193Ia 4500
008 240404s9999||||xx |||||||||||||| ||und||
050 4 |a F91 SUHA 
100 1 |a Arab Fund for Economic and Social Developmen. 
245 1 0 |a مشروع توثيق وترميم بيت السحيمي = Bayt el Suhaymi documentation, restoration and conservation project / Mashrūʻ tawthīq wa-tarmīm Bayt al-Suḥaymī  |c Arab Fund for Economic and Social Developmen 
264 1 |a Al-Qāhirah  |b al-Ṣandūq al-ʻArabī lil-Inmāʼ al-Iqtiṣādī wa- al-Ijtimāʻī : Majlis al-Aʻlá lil-Āthā  |c 1997 
300 |a 1.volume  |c 30 
500 |a Cover title "رقم الإيداع : 5347/97." "مايو 1997، May 1997." 
500 |a In Arabic and English 
650 4 |a Architecture domestique Conservation et restauration Égypte Le Caire 
650 4 |a Architecture, Domestic Conservation and restoration 
650 4 |a Architecture, Domestic Conservation and restoration Egypt Cairo 
650 4 |a Bayt al-Suḥaymī (Cairo, Egypt) 
942 |2 lcc  |c BK 
999 |c 58123  |d 58123